| 000 | 00631 a2200193 4500 | ||
|---|---|---|---|
| 020 | _a3540136789 | ||
| 020 | _a9783540136781 | ||
| 082 | 0 | 4 | _a512.55 |
| 090 |
_c783 _d783 |
||
| 100 | 1 | _aBröcker, T. | |
| 245 |
_aRepresentations of compact lie groups / _cT. Bröcker, T.tom Dieck |
||
| 260 |
_a[S.l.] : _bSpringer, _c1985 |
||
| 300 |
_a323 p. ; _c25 cm |
||
| 490 | _aGraduate texts in mathematics | ||
| 700 | _aDieck, T.t | ||
| 830 | _aGraduate texts in mathemati | ||
| 942 |
_aSNS _cBK _k512.55 BRO |
||
| 999 |
_c29409 _d29409 |
||